| 000 | 00880 a2200181 4500 | ||
|---|---|---|---|
| 003 | Nust | ||
| 005 | 20221222120728.0 | ||
| 040 | _cNust | ||
| 082 | _a621.38418,BRO | ||
| 100 |
_aBrown, Hugh _9105641 |
||
| 245 |
_aRadio frequency electrical measurements / _cHugh A. Brown. |
||
| 250 | _a2nd ed. | ||
| 260 |
_aLondon _b Graw Hill _c1938 |
||
| 300 |
_axi, 386 p. _b illus., diagrs. 24 cm. |
||
| 505 | _aMeasurements of Circuit Constants (Page-1), Measurement of Frequency (Page-93), Antenna Measurements (Page-136), Electromagnetic Wave Measurements (Page-179), Measurement of Electron Tube Coefficients and Amplifier Performance (Page-223), Electromotive Force Current Power (Page-264), Measurement of Wave Form (Page-324), Modulation Receiver and Piezo Electric Crystal Measurements (Page-340). | ||
| 650 |
_aRadio frequency electrical measurements, _9105642 |
||
| 942 |
_2ddc _cBK |
||
| 999 |
_c183449 _d183449 |
||